00476nam a22001577a 4500003000400000082001800004100001900022245005300041260004400094300000800138650001900146653001900165942001200184952010500196999001700301SGT a617.692bC21G aGupta, Swapnil aA Clinical study to evaluate the crestel bone... aGurugram, HaryanabSGT Universityc2021 a100 aProsthodontics aProsthodontics 2ddccTH 00102ddc405171aFDbFDd2022-12-20l0o617.692 C21GpDT1347r2022-12-20 00:00:00w2022-12-20yTH c23568d23568